Microsoft ISA Server 2006 unleashed / (Record no. 3391)

MARC details
000 -LEADER
fixed length control field 01022cam a22003377a 4500
001 - CONTROL NUMBER
control field 15126355
003 - CONTROL NUMBER IDENTIFIER
control field 20170110121102.0
005 - DATE AND TIME OF LATEST TRANSACTION
control field 20240606080914.0
008 - FIXED-LENGTH DATA ELEMENTS--GENERAL INFORMATION
fixed length control field 080103s2008 inu 001 0 eng
010 ## - LIBRARY OF CONGRESS CONTROL NUMBER
LC control number 2008295165
015 ## - NATIONAL BIBLIOGRAPHY NUMBER
National bibliography number GBA692067
Source bnb
016 7# - NATIONAL BIBLIOGRAPHIC AGENCY CONTROL NUMBER
Record control number 013589851
Source Uk
020 ## - INTERNATIONAL STANDARD BOOK NUMBER
International Standard Book Number 9780672329197 (pbk.)
020 ## - INTERNATIONAL STANDARD BOOK NUMBER
International Standard Book Number 0672329190 (pbk.)
035 ## - SYSTEM CONTROL NUMBER
System control number (OCoLC)ocm74967171
040 ## - CATALOGING SOURCE
Original cataloging agency UKM
Transcribing agency UKM
Modifying agency BAKER
-- BTCTA
-- YDXCP
-- DLC
042 ## - AUTHENTICATION CODE
Authentication code lccopycat
050 00 - LIBRARY OF CONGRESS CALL NUMBER
Classification number TK5105.875.I57
Item number N645 2008
082 04 - DEWEY DECIMAL CLASSIFICATION NUMBER
Classification number 005.8
Edition information 22
100 1# - MAIN ENTRY--PERSONAL NAME
Personal name Noel, Michael.
245 10 - TITLE STATEMENT
Title Microsoft ISA Server 2006 unleashed /
260 ## - PUBLICATION, DISTRIBUTION, ETC.
Place of publication, distribution, etc. Indianapolis, Ind. :
Name of publisher, distributor, etc. Sams,
Date of publication, distribution, etc. 2008.
300 ## - PHYSICAL DESCRIPTION
Extent xxi, 572 p. :
Other physical details ill.
Dimensions 24cm.
500 ## - GENERAL NOTE
General note Includes index.
650 #0 - SUBJECT ADDED ENTRY--TOPICAL TERM
Topical term or geographic name entry element Internet
General subdivision Security measures.
650 #0 - SUBJECT ADDED ENTRY--TOPICAL TERM
Topical term or geographic name entry element Firewalls (Computer security)
650 #0 - SUBJECT ADDED ENTRY--TOPICAL TERM
Topical term or geographic name entry element Web servers.
906 ## - LOCAL DATA ELEMENT F, LDF (RLIN)
a 7
b cbc
c copycat
d 2
e ncip
f 20
g y-gencatlg
942 ## - ADDED ENTRY ELEMENTS (KOHA)
Source of classification or shelving scheme Library of Congress Classification
Koha item type Books
Holdings
Withdrawn status Lost status Source of classification or shelving scheme Damaged status Not for loan Home library Current library Date acquired Total checkouts Full call number Barcode Date last seen Price effective from Koha item type
    Library of Congress Classification     Murang'a University of Technology Library Murang'a University of Technology Library 10/01/2017   TK5105.875.I57 N645 2008 003589 30/08/2024 10/01/2017 Books